=LDR 00000nam 2200000 4500 =001 INLIS000000000054219 =005 20191205033314 =035 ##$$a 0010-1219000003 =007 ta =008 191205###########################0#ind## =082 ##$$a 304.6 =084 ##$$a 304.6 DRS p =100 #$$a Drs. N Daldjoeni =245 1#$$a Penduduk , lingkungan dan masa depan /$c Drs. N Daldjoeni =260 ##$$a Bandung :$b Alumi,$c 1985 =300 ##$$a x,173 hlm : $b Ilus ; $c 21 cm =650 ##$$a Kependudukan =990 ##$$a 17411741 =990 ##$$a 01201901741